| 000 | 00539nam a2200193Ia 4500 | ||
|---|---|---|---|
| 003 | GCL | ||
| 008 | 140319s9999 xx 000 0 ara d | ||
| 040 |
_aGCL / _cGCL |
||
| 082 | 0 | 4 |
_aق _b350.03 _bع ب |
| 100 | 1 | _aعبدالوهاب بكر | |
| 245 | 1 | 0 |
_aالبوليس المصرى 1922 - 1952 / _cعبدالوهاب بكر |
| 260 |
_a[S.N] : _bمكتبة مدبولى |
||
| 300 | _a390 ص | ||
| 490 | _a | ||
| 650 | 0 | 4 | _aالعصر الحديث |
| 650 | 0 | 4 | _aتاريخ |
| 650 | 0 | 4 | _aالشرطة المصرية |
| 942 |
_2ddc _cBK |
||
| 999 |
_c57835 _d57835 |
||